Rapport du groupe sectoriel d'analyse et de prévision mines de fer, sidérurgie, première transformation de l'acier : Préparation du 7e plan

Bewaard in:
Bibliografische gegevens
Coauteur: Commissariat Général du Plan
Formaat: Boek
Taal:Undetermined
Gepubliceerd in: Paris Ministère de l'Industrie et de la Recherche. Commissariat Général du Plan 1976
Onderwerpen:
Tags: Voeg label toe
Geen labels, Wees de eerste die dit record labelt!
Thư viện lưu trữ: Trung tâm Học liệu Trường Đại học Cần Thơ
LEADER 00732nam a2200193Ia 4500
001 CTU_79039
008 210402s9999 xx 000 0 und d
082 |a 338.4 
082 |b C734 
110 |a Commissariat Général du Plan 
245 0 |a Rapport du groupe sectoriel d'analyse et de prévision mines de fer, sidérurgie, première transformation de l'acier : 
245 0 |b Préparation du 7e plan 
245 0 |c Commissariat Général du Plan 
260 |a Paris 
260 |b Ministère de l'Industrie et de la Recherche. Commissariat Général du Plan 
260 |c 1976 
650 |a Iron industry and trade,Steel industry and trade 
650 |z France 
980 |a Trung tâm Học liệu Trường Đại học Cần Thơ